Fr. Conceicao Rodrigues College of Engineering

Thermodynamics and heat Engines (Record no. 22904)

MARC details
000 -LEADER
fixed length control field 00327nam a2200145Ia 4500
082 ## - DEWEY DECIMAL CLASSIFICATION NUMBER
Classification number 621.402
Item number YAD
100 ## - MAIN ENTRY--PERSONAL NAME
Personal name Yadav/R
245 ## - TITLE STATEMENT
Title Thermodynamics and heat Engines
260 ## - PUBLICATION, DISTRIBUTION, ETC.
Name of publisher, distributor, etc. Central Publishing House
Place of publication, distribution, etc. Allahabad
Date of publication, distribution, etc. 1986
300 ## - PHYSICAL DESCRIPTION
Extent 828
490 ## - SERIES STATEMENT
Volume/sequential designation 1
546 ## - LANGUAGE NOTE
Language note ENGLISH
654 ## - SUBJECT ADDED ENTRY--FACETED TOPICAL TERMS
Focus term Thermodynamics
942 ## - ADDED ENTRY ELEMENTS (KOHA)
Koha item type BOOK
Holdings
Withdrawn status Lost status Damaged status Not for loan Collection Home library Current library Shelving location Date acquired Cost, normal purchase price Total Checkouts Full call number Barcode Date last seen Cost, replacement price Price effective from Koha item type
        CRC Fr. Agnel's C.Rodrigues College of Engineering Fr. Agnel's C.Rodrigues College of Engineering   17/03/2023 65.00   621.402 YAD 1241 17/03/2023 65.00 17/03/2023 BOOK
        CRC Fr. Agnel's C.Rodrigues College of Engineering Fr. Agnel's C.Rodrigues College of Engineering   17/03/2023 65.00   621.402 YAD 1242 17/03/2023 65.00 17/03/2023 BOOK
        CRC Fr. Agnel's C.Rodrigues College of Engineering Fr. Agnel's C.Rodrigues College of Engineering   17/03/2023 65.00   621.402 YAD 1243 17/03/2023 65.00 17/03/2023 BOOK
        CRC Fr. Agnel's C.Rodrigues College of Engineering Fr. Agnel's C.Rodrigues College of Engineering   17/03/2023 42.00   621.402 YAD 751 17/03/2023 42.00 17/03/2023 BOOK
        CRC Fr. Agnel's C.Rodrigues College of Engineering Fr. Agnel's C.Rodrigues College of Engineering   17/03/2023 40.00   621.402 YAD 852 17/03/2023 40.00 17/03/2023 BOOK
        CRC Fr. Agnel's C.Rodrigues College of Engineering Fr. Agnel's C.Rodrigues College of Engineering   17/03/2023 40.00   621.402 YAD 853 17/03/2023 40.00 17/03/2023 BOOK
        CRC Fr. Agnel's C.Rodrigues College of Engineering Fr. Agnel's C.Rodrigues College of Engineering   17/03/2023 40.00   621.402 YAD 854 17/03/2023 40.00 17/03/2023 BOOK